<?xml version="1.0" encoding="UTF-8"?>
<record
    xmlns:xsi="http://www.w3.org/2001/XMLSchema-instance"
    xsi:schemaLocation="http://www.loc.gov/MARC21/slim http://www.loc.gov/standards/marcxml/schema/MARC21slim.xsd"
    xmlns="http://www.loc.gov/MARC21/slim">

  <leader>01976nas a2200277Ia 4500</leader>
  <controlfield tag="001">R050-R9894</controlfield>
  <controlfield tag="003">IT-CnALBA</controlfield>
  <controlfield tag="008">170116c99999999xx ||||||||||||   ||und||</controlfield>
  <datafield tag="040" ind1=" " ind2=" ">
    <subfield code="a">IT-CnALBA</subfield>
    <subfield code="c">IT-CnALBA</subfield>
  </datafield>
  <datafield tag="041" ind1=" " ind2=" ">
    <subfield code="a">POLIGLOTTA </subfield>
  </datafield>
  <datafield tag="100" ind1=" " ind2=" ">
    <subfield code="a">SCIACCA MICHELE FEDER. </subfield>
    <subfield code="g">(GORIANO DI GONA)</subfield>
  </datafield>
  <datafield tag="210" ind1=" " ind2=" ">
    <subfield code="a">GIORNALE DI METAFISICA</subfield>
  </datafield>
  <datafield tag="222" ind1=" " ind2=" ">
    <subfield code="a">GIORNALE DI METAFISICA</subfield>
  </datafield>
  <datafield tag="245" ind1=" " ind2="0">
    <subfield code="a">GIORNALE DI METAFISICA. GENNAIO DICEMBRE 1956. RIVISTA DI FILOSOFIA. </subfield>
  </datafield>
  <datafield tag="250" ind1=" " ind2=" ">
    <subfield code="a">1a ed.</subfield>
  </datafield>
  <datafield tag="260" ind1=" " ind2=" ">
    <subfield code="a"> TO BO CT PA</subfield>
    <subfield code="b">SOCIET&#xC0; ED. INTER. </subfield>
    <subfield code="c">1950 [1&#xB0; Ed.:1950 - Ed.Ling.Originale: 1950]</subfield>
  </datafield>
  <datafield tag="300" ind1=" " ind2=" ">
    <subfield code="a">825 p. </subfield>
  </datafield>
  <datafield tag="310" ind1=" " ind2=" ">
    <subfield code="a">BIMESTRALE</subfield>
  </datafield>
  <datafield tag="362" ind1=" " ind2=" ">
    <subfield code="a">Fascicolo: 1-6 / Anno: 11 (1950)</subfield>
  </datafield>
  <datafield tag="500" ind1=" " ind2=" ">
    <subfield code="a">INDICE ANNATA. GONZALO M. LA CAUSA E LA COLPA. CAPIZZI A. BRAGA CAPONE G. CASULA M. CRIPPA R. MORREAU J. PAGGIARO L. POZZO G. M. INTORNO ALLA DOTTRINA DEL CANONE E ALLA FISICA DI EPICURO. IL FONDAMENTO RELIGIOSO DELLA FILOSOFIA DI KANT. L'UNO E L'ESSERE SECONDO PLOTINO. LETTERA AL DIRETTORE. LA CONFUTAZIONE KANTIANA DELL'ARGOMENTO COSMOLOGICO. L'ARGOMENTO COSMOLOGICO IN KANT E NEL RAZIONALISMO DELLA DIALETTICA. L'UNO E I MOLTI SECONDO PLOTINO. ANCORA A PROPOSITO DI GENTILE. RECENSIONI. ARTICOLI. NOTE CRITICHE SULLA FILOSOFIA CONTEMPORANEA. </subfield>
  </datafield>
  <datafield tag="501" ind1=" " ind2=" ">
    <subfield code="a">Societ&#xE0; San Paolo EM - Piazza San Paolo, 14 - 12051 ALBA (CN)  (non commercial uses only) &#xAE; Copyright 2017</subfield>
  </datafield>
  <datafield tag="520" ind1=" " ind2=" ">
    <subfield code="a">INDICE ANNATA. GONZALO M. LA CAUSA E LA COLPA. CAPIZZI A. BRAGA CAPONE G. CASULA M. CRIPPA R. MORREAU J. PAGGIARO L. POZZO G. M. INTORNO ALLA DOTTRINA DEL CANONE E ALLA FISICA DI EPICURO. IL FONDAMENTO RELIGIOSO DELLA FILOSOFIA DI KANT. L'UNO E L'ESSERE SECONDO PLOTINO. LETTERA AL DIRETTORE. LA CONFUTAZIONE KANTIANA DELL'ARGOMENTO COSMOLOGICO. L'ARGOMENTO COSMOLOGICO IN KANT E NEL RAZIONALISMO DELLA DIALETTICA. L'UNO E I MOLTI SECONDO PLOTINO. ANCORA A PROPOSITO DI GENTILE. RECENSIONI. ARTICOLI. NOTE CRITICHE SULLA FILOSOFIA CONTEMPORANEA. </subfield>
  </datafield>
  <datafield tag="650" ind1=" " ind2=" ">
    <subfield code="a">FILOSOFIA</subfield>
  </datafield>
  <datafield tag="942" ind1=" " ind2=" ">
    <subfield code="c">CR</subfield>
  </datafield>
  <datafield tag="957" ind1=" " ind2=" ">
    <subfield code="7">1</subfield>
  </datafield>
  <datafield tag="999" ind1=" " ind2=" ">
    <subfield code="a">61461</subfield>
    <subfield code="b">NO</subfield>
    <subfield code="g">1</subfield>
    <subfield code="c">328487</subfield>
    <subfield code="d">328487</subfield>
  </datafield>
  <datafield tag="952" ind1=" " ind2=" ">
    <subfield code="0">0</subfield>
    <subfield code="1">0</subfield>
    <subfield code="4">0</subfield>
    <subfield code="6">R_050R9894</subfield>
    <subfield code="7">1</subfield>
    <subfield code="a">ALBA</subfield>
    <subfield code="b">ALBA</subfield>
    <subfield code="d">2017-01-16</subfield>
    <subfield code="l">0</subfield>
    <subfield code="o">R050-R9894</subfield>
    <subfield code="r">2017-01-16 00:00:00</subfield>
    <subfield code="w">2017-01-16</subfield>
    <subfield code="y">CR</subfield>
    <subfield code="z">(data import: 16 gennaio 2017) - By Epidotti, Vaglietti. </subfield>
  </datafield>
</record>
